000 01119 a2200277 4500
010 _aENG-86324
020 _a8172149247
_c175.00
035 _aEN-69857
037 _bDBAD / PUB.
082 1 4 _a280
090 _c4566
_d4566
245 1 0 _aSharing diversity in missiological research and education
_cedited by L. Stanislaus and John F. Gorski.
246 1 8 _aSharing diversity
260 _aDelhi :
_bIndian Society for Promoting Christian Knowledge and Ishvani Kendra,
_c2006.
300 _axiv, 255 p. ;
_c23 cm. (Pbk)
520 _aContributed papers presented at 2nd General Assembly of the International Association of Catholic Missiologists (IACM), held in Cochabamba, Bolivia, from 30th Sept. to 3rd Oct., 2004.
650 0 _aMissions
_xEducational work
650 0 _aEvangelistic work
650 0 _aChurch and social problems
700 1 _aStanislaus, L.
700 1 _aGorski, Juan F.
710 2 _aI.S.P.C.K. (Organization)
710 2 _aIshvani Kendra (Pune, India)
942 _adpl
_cEN
_k280 / SHA
999 _c4478
_d4478